zpět

Detail výsledku týmu

Koruna, Břeclav

Datum a čas kvízu

28 Celkem bodů Celkový počet nahraných bodů na tomto kvízu bez doplňovacích otázek.
7. Pořadí na kvízu Konečné umístění týmu na tomto kvízu.

Zaznamenané odpovědi

# Otázka Odpověď Body Výsledky
1. Úřad jednoho města v okrese Pr... 1
2. Bývalý ukrajinský prezident by... 1
3. Česká filmová a televizní akad... 1
4. Třemi podpisy stvrdili zástupc... 1
5. Španělský finanční úřad přisto... 1
21. Nejdelší had na světě chovaný... 0
22. Tento živočich z řádu krokodýl... 0
23. Několik druhů chameleonů (např... 1
24. Jak se nazývá tento živočich?... 0
25. Kteří dva herci ztvárnili dvě... 1